Podnikateľské aktivity a tvorba podnikateľských projektov v Slovenskej republike (z aspektu zvyšovania výkonnosti a konkurencieschopnosti ekonomiky)
Salvato in:
| Autore principale: | |
|---|---|
| Ente Autore: | |
| Altri autori: | |
| Natura: | Libro |
| Lingua: | slovacco |
| Pubblicazione: |
Bratislava
Národohospodárska fakulta EU
2004
|
| Soggetti: | |
| Tags: |
Nessun Tag, puoi essere il primo ad aggiungerne!!
|
MARC
| LEADER | 00000nam$a2200000$$$4500 | ||
|---|---|---|---|
| 001 | 0020574 | ||
| 005 | 20240104094928.7 | ||
| 041 | 0 | |a slo | |
| 044 | |a SK | ||
| 245 | 1 | 0 | |a Podnikateľské aktivity a tvorba podnikateľských projektov v Slovenskej republike |b (z aspektu zvyšovania výkonnosti a konkurencieschopnosti ekonomiky) |c Erik Kotlán ; školiteľ: Viera Bacová |
| 264 | 1 | |a Bratislava |b Národohospodárska fakulta EU |c 2004 | |
| 300 | |a 178 s. | ||
| 610 | 2 | 0 | |a podnikanie |
| 610 | 2 | 0 | |a projekty |
| 610 | 2 | 0 | |a podnikatelia |
| 610 | 2 | 0 | |a prostredie podnikateľské |
| 610 | 2 | 0 | |a zámery podnikateľské |
| 610 | 2 | 0 | |a výkonnosť ekonomiky |
| 610 | 2 | 0 | |a konkurencieschopnosť |
| 610 | 2 | 0 | |a Slovensko |
| 100 | 1 | |a Kotlán, Erik | |
| 700 | 1 | |a Bacová, Viera | |
| 710 | 2 | |a Národohospodárska fakulta EU. Katedra hospodárskej politiky | |